Classical Cryptography Course Vol.1 / (Record no. 176209)
[ view plain ]
| 000 -LEADER | |
|---|---|
| fixed length control field | 00810 a2200169 4500 |
| 003 - CONTROL NUMBER IDENTIFIER | |
| control field | Nust |
| 005 - DATE AND TIME OF LATEST TRANSACTION | |
| control field | 20230216111141.0 |
| 020 ## - INTERNATIONAL STANDARD BOOK NUMBER | |
| International Standard Book Number | 0894122630 |
| 040 ## - CATALOGING SOURCE | |
| Transcribing agency | Nust |
| 082 ## - DEWEY DECIMAL CLASSIFICATION NUMBER | |
| Classification number | 005.82,NIC |
| 100 ## - MAIN ENTRY--PERSONAL NAME | |
| Personal name | Nichols, Randall |
| 9 (RLIN) | 109133 |
| 245 ## - TITLE STATEMENT | |
| Title | Classical Cryptography Course Vol.1 / |
| Statement of responsibility, etc. | Randall K, Nichols |
| 260 ## - PUBLICATION, DISTRIBUTION, ETC. | |
| Place of publication, distribution, etc. | USA |
| Name of publisher, distributor, etc. | Aegean Park Press |
| Date of publication, distribution, etc. | 1996 |
| 300 ## - PHYSICAL DESCRIPTION | |
| Extent | 301p |
| 505 ## - FORMATTED CONTENTS NOTE | |
| Formatted contents note | Simple Substitution (Page-1), Substitution with Variants (Page-26), Substitution with Variants Part II (Page-48), Substitution with Variants Part III (Page-64), Xenocrypt Morphology Part I (Page-84), Xenocrypt Morphology Part II (Page-113), Xenocrypt Morphology Part III (Page-133), Cryptarithms and Hill Cipher (Page-163), German Reduction Ciphers (Page-183), Polyalphabetic Substitution Systems I (Page-217). |
| 942 ## - ADDED ENTRY ELEMENTS (KOHA) | |
| Koha item type | Book |
| Source of classification or shelving scheme | |
| Withdrawn status | Lost status | Source of classification or shelving scheme | Damaged status | Not for loan | Permanent Location | Current Location | Shelving location | Date acquired | Full call number | Barcode | Date last seen | Price effective from | Koha item type | Public note |
|---|---|---|---|---|---|---|---|---|---|---|---|---|---|---|
| Military College of Signals (MCS) | Military College of Signals (MCS) | General Stacks | 12/12/2016 | 005.82,NIC | MCS22699 | 12/08/2016 | 12/12/2016 | Book | Almirah No.71, Shelf No.2 |
